Responses for Show #390 - Friday, March 7, 1986

Barbara Lowe game 2.

Contestants

[<< previous game]

Jack Busko, an account representative from Pittsburgh, Pennsylvania

David Perry, an assistant manager and a student from Los Angeles, California

Barbara Lowe, a writer and a researcher from Anaheim, California (whose 1-day cash winnings total $10,401)

[next game >>]

Jeopardy! Round responses

BODIES OF WATER
AVIATION
POTENT POTABLES
TOYS IN SONG
HISTORY
"ON" WORDS & "UP" WORDS
    $100 16
a bay

Barbara
    $100 21
United

David
    $100 11
corn

David
    $100 23
your teddy bear

David
    $100 1
Mount Fuji

David
    $100 6
an upset

Triple Stumper
    $200 17
(David: What is the Bering Sea?)
(Jack: What is the North Sea?)
(Barbara: What is the Bering--oh no, he said that! What is the Balkan?)

Baltic Sea

BarbaraDavidJack
Triple Stumper
    $200 22
(Jack: What is 12?)

36

BarbaraJack
    $200 12
(David: What is how to drink a margarita?)

how to drink tequila

DavidJack
    $200 24
"Rubber Ball"

Triple Stumper
    $200 2
the Revolutionary War

Barbara
    $200 7
an uppercut

Jack
    $300 18
(David: What is the Big Bear?)

Great Bear Lake

DavidJack
    $300 26
(Barbara: What was a B-52?)
...
(Alex: Barbara, B-52s weren't around then. It was the [*].)
(Barbara: Close.)
(Alex: Close.)
(Barbara: I got the letter right.)
(Alex: You got the letter right. Yes, indeed.)
[The end-of-round signal sounds.]

B-29

Barbara
Triple Stumper
    $300 13
an ale

Triple Stumper
    $200 25
(Alex: March of the Toys was the song.)

toy soldiers (wooden soldiers)

David
    $300 3
Sweden

David
    $300 8
an onlooker

Barbara
    $400 19
the Arabian Sea

Jack
    $400 14
the names of cocktails

Triple Stumper
    $400 4
Reign of Terror

Barbara
    $400 9
up to date

Barbara
    $500 20
the Gulf of Mexico

Jack
    $500 15
(Jack: What is anisette?)

absinthe

DavidJack
    $500 5
(Alex: It is appropriate because it is the first year that Christopher Columbus discovered the Americas.)

1492

Triple Stumper
    $500 10
online

David

Scores at the first commercial break (after clue 13):

Barbara David Jack
$1,300 $800 $400

Scores at the end of the Jeopardy! Round:

Barbara David Jack
$1,100 $1,200 $700

Double Jeopardy! Round responses

NEW MEXICO
CLASSICAL MUSICIANS
THE OLYMPICS
FLOWERS
MOVIE TRIVIA
THE NAVY
    $200 23
(Jack: Who is Santayana?)

Pancho Villa

DavidJack
    $200 4
Eugene Ormandy

Jack
    $200 13
(David: What is Boulder, Colorado?)

Denver

DavidJack
    $200 9
white

Barbara
    $200 7
Rudolph Valentino

Barbara
    $200 1
(Jack: What is a bandleader?)
...
(Alex: [*], not the bandleader. Sorry about that, Jack.)

a musician

Jack
Triple Stumper
    $400 26
[The end-of-round signal sounds.]

Albuquerque

Barbara
    $400 15
Itzhak Perlman

Jack
    $400 19
Munich

Barbara
    $400 14
(Alex: "Don't Eat The [*]", right.)

daisies

David
    $400 8
Zeppo

Jack
    $400 2
(Barbara: What are submariners?)

fish

Barbara
Triple Stumper
    $600 24
Leopold Stokowski

David
    $600 20
(David: What is Finland?)
...
(Alex: The first winner of this sprint, and the sprint was [*]. You misunderstood it, David, unfortunately. Make a selection, though.)
[Barbara points to herself.]
(Alex: I'm sorry, uh, Barbara.)

the 100 meters

David
Triple Stumper
    $600 16
Primrose Lane

Jack
    $600 10
a dentist

Barbara
    $600 3
Norfolk, Virginia

David
    $800 25
Rubinstein

Barbara
    $300 21
(Alex: Don't you wish you had risked more money?)
(Barbara: Yes.)

Finland

Barbara
    $800 17
ultraviolet markings

Triple Stumper
    $800 11
(Barbara: What is drunk & disorderly?)
...
(Alex: You were [*], you didn't say anything about what you had seen.)

deaf & dumb

Barbara
Triple Stumper
    $800 5
blue and white

Jack
    $1000 22
(Jack: Who is George Frazier?)
(Barbara: Who is George Foreman?)

Joe Frazier

BarbaraJack
Triple Stumper
    $1000 18
a bachelor's button

Triple Stumper
    $1000 12
the Nobel Prize

Triple Stumper
    $1000 6
Admiral (Chester) Nimitz

Barbara

Scores at the end of the Double Jeopardy! Round:

Barbara David Jack
$2,800 $2,200 $1,900

[wagering suggestions for these scores]

Final Jeopardy! Round responses

WORLD LEADERS
(Alex: Barbara would not be a good poker player, ladies and gentlemen.)
JackWho is the mayor of Rome?
$1,899
DavidWho is the Pope?
$2,200
BarbaraWho is the pope?
$1,601
the Pope

Final scores:

Barbara David Jack
$4,401 $4,400 $1
2-day champion: $14,802 2nd place: trip to the Caribbean with Eastern Airlines + 5-day Bahamas cruise 3rd place: Maytag washer & dryer

Game dynamics:

Coryat scores:

Barbara David Jack
$3,300 $2,300 $1,900
14 R
(including 1 DD),
5 W
12 R
(including 1 DD),
5 W
11 R,
6 W

Combined Coryat: $7,500

[game clues] [game scores] [suggest correction]

Game tape date: 1985-10-22
The J! Archive is created by fans, for fans. Scraping, republication, monetization, and malicious use prohibited; this site may use cookies and collect identifying information. See terms. The Jeopardy! game show and all elements thereof, including but not limited to copyright and trademark thereto, are the property of Jeopardy Productions, Inc. and are protected under law. This website is not affiliated with, sponsored by, or operated by Jeopardy Productions, Inc. Join the discussion at JBoard.tv.